[Event "38th IND-chT 2018"]
[Site "Patia"]
[Date "2018.02.13"]
[Round "8"]
[White "Agarwal, Brajesh"]
[Black "Swapnil, S. Dhopade"]
[Result "0-1"]
[WhiteElo "1899"]
[BlackElo "2531"]
[Annotator "TA"]
[PlyCount "94"]
[EventDate "2018.??.??"]
[EventType "team-tourn"]
[EventCountry "IND"]
[SourceTitle "playchess.com"]
[Source "ChessBase"]
[SourceQuality "1"]

{[%evp 19,94,34,32,31,29,19,35,35,30,0,46,-22,-20,-108,-104,-104,-106,-91,-82,-95,-10,-17,0,-7,0,0,0,0,12,-54,-39,-58,-45,-61,-54,-49,-46,-66,-38,-37,-49,-24,-25,-43,-48,-37,-37,-40,0,0,0,-49,-47,-56,0,-8,-12,-6,-12,-12,-4,-12,0,-5,-14,-125,-126,-93,-85,-132,-132,-121,-122,-122,-81,-338,-329]} 1. d4 Nf6 2. c4 c5 3. d5 b5 4. cxb5 a6 5. bxa6 g6 6. Nc3 {A58: Benko/Volga Gambit: Lines with 5 bxa6} Bg7 7. e4 (7. g3 d6 8. Bg2 O-O 9. Nf3 Nbd7 10. O-O Nb6 11. e4 Bxa6 12. Re1 Nc4 13. Bf1 Nd7 14. Nd2 Nde5 15. Nxc4 Nxc4 16. Bd3 Qb6 17. Rb1 Rfb8 18. Na4 Qb4 19. Kg2 Ne5 20. Bd2 {0-1 (53) Harika,D (2528)-Kramnik,V (2803) Douglas 2017}) 7... O-O 8. Nf3 Qa5 9. Nd2 Bxa6 10. Be2 d6 {LiveBook: 32 Games} 11. O-O Bxe2 12. Qxe2 Nbd7 13. Nc4 Qa6 {[#]} 14. f4 $146 Ne8 {[#] White must now prevent ...Bxc3.} 15. Rf3 (15. Bd2 $14) 15... Nc7 $11 16. Ne3 (16. b3 $11) 16... Qxe2 $17 17. Nxe2 Rfb8 18. Nd1 Rb4 {[%mdl 1024] Black has strong compensation.} 19. Ndc3 Nb6 (19... Nb5 $17 20. Nxb5 Rxb5) 20. a3 $11 Rb3 21. Nd1 Rb5 22. Ndc3 Rba5 23. Rb1 f5 24. b4 (24. exf5 $1 $11 gxf5 25. Rg3) 24... cxb4 $15 25. Rxb4 fxe4 26. Rxe4 Ncxd5 27. Nxd5 Nxd5 28. f5 Be5 {Hoping for ...gxf5.} 29. fxg6 hxg6 30. Rg4 Kg7 31. Ng3 Nf6 32. Nf5+ Kf7 33. Nh6+ $1 Kg7 34. Nf5+ $1 Kf7 35. Nh6+ $1 Ke6 36. Rxg6 Rc8 (36... Rb8 $15 37. Bg5 Rb1+ 38. Kf2 Rc5) 37. Bg5 Bd4+ 38. Be3 $1 {[%cal Re3d4]} Rc1+ 39. Kf2 $1 Rc2+ 40. Kg3 Bc3 41. h4 Rxa3 42. Nf5 (42. Bg5 $11) 42... Be5+ $17 43. Kh3 Ra1 $36 {[%cal Ra1h1][%mdl 2048] Black is really pushing.} 44. Nd4+ Kd5 {[%cal Ra1h1]} 45. Rfxf6 {[#]} Rh1+ $1 46. Kg4 Rxg2+ 47. Kh5 $2 {[%mdl 8192]} (47. Kf3 $17 {was forced.} Rxg6 48. Rxg6 Bxd4 49. Bxd4 Kxd4 50. Kg4) 47... Bxf6 {Precision: White = 32%, Black = 63%.} 0-1

[Event "38th IND-chT 2018"]
[Site "Patia"]
[Date "2018.02.13"]
[Round "8"]
[White "Nayak Sajan Kumar"]
[Black "Sengupta, Deep"]
[Result "0-1"]
[WhiteElo "1719"]
[BlackElo "2572"]
[Annotator "TA"]
[PlyCount "112"]
[EventDate "2018.??.??"]
[EventType "team-tourn"]
[EventCountry "IND"]
[SourceTitle "playchess.com"]
[Source "ChessBase"]
[SourceQuality "1"]

{[%evp 11,112,5,13,9,6,-8,-15,-26,-3,-8,-13,-12,-4,-9,-10,-10,-4,-2,0,-13,-4,-8,0,0,11,0,0,0,0,-8,-11,-35,-22,-35,-21,-18,-5,-23,-9,-20,0,0,-4,-58,-56,-45,-49,-81,-28,-84,-72,-88,-86,-90,-71,-93,-80,-122,-147,-116,-80,-206,-186,-203,-112,-216,-216,-197,-204,-216,-172,-656,-616,-609,-510,-512,-479,-469,-427,-516,-516,-737,-779,-1022,-689,-643,-538,-1128,-1106,-1154,-1191,-29976,-29977,-29974,-29974,-5306,-3183,-5306,-1785,-29974,-29975,-29980,-29981]} 1. d4 Nf6 2. Nf3 b6 3. Bf4 Bb7 4. e3 g6 5. Nbd2 Bg7 6. Bd3 d6 {LiveBook: 5 Games. A47: 1 d4 Nf6 2 Nf3 b6: Torre, London and Colle Systems} (6... d5 7. O-O O-O 8. c3 c5 9. a4 Ne4 10. Qc2 f5 11. Ne5 Nxd2 12. Qxd2 Nd7 13. Nxd7 Qxd7 14. b4 {½-½ (65) Krivoborodov,E (2542)-Gaehwiler,G (2427) Austria 2017}) 7. O-O Nbd7 8. Qe2 O-O {The position is equal.} 9. e4 Nh5 10. Bg5 h6 11. Be3 e5 12. dxe5 dxe5 13. g3 $146 ({Predecessor:} 13. Rad1 Qf6 14. Ba6 {½-½ (42) Baskewitsch,P (2012)-Ramos Aguilar,J (2018) Santa Cruz 2016}) 13... Nhf6 {[%cal Bh5f6,Bf6d7,Bd7c5][%mdl 32]} 14. Nh4 Qe7 15. f3 Nc5 16. Bc4 {Nxg6 is the strong threat.} Kh7 17. c3 Nfd7 18. a4 a5 19. Rfe1 Rfd8 20. Nf1 Ne6 21. Bf2 Ndc5 22. Ne3 c6 23. Kh1 Rd7 24. b3 Rad8 25. Rad1 Ng5 26. Rxd7 Rxd7 27. Rd1 (27. Nd1 $11) 27... Bc8 $15 28. Be1 h5 29. Ra1 Qd8 ({Black should try} 29... Ra7 $17) 30. Nd1 (30. b4 $11 Nce6 31. b5) 30... Rd6 {Strongly threatening ...Ncxe4!} 31. Nb2 Be6 32. b4 {[#]} Nb3 $1 {[%cal Rb3a1]} 33. Bxb3 Bxb3 34. bxa5 bxa5 35. c4 Ne6 $36 {[%mdl 2048] Black is in control.} 36. Qe3 (36. Bc3 $17 {was worth a try.}) 36... Nd4 $19 37. Qc3 Nc2 (37... Rd7 $19 38. Rb1 Qe7) 38. Rc1 (38. Rb1 $17 Nxe1 39. Qxb3) 38... Nxe1 39. Rxe1 {[#]} Bd1 $1 40. Ng2 Bh6 41. Ne3 $2 (41. f4) 41... Bxf3+ 42. Kg1 Bxe4 43. c5 Rd4 44. Nbc4 Bg7 45. Nxa5 Rxa4 46. Nb7 Qd4 47. Qb3 Bd5 48. Qd1 e4 49. Kh1 Qb4 50. Nxd5 cxd5 51. c6 Ra1 52. Qxa1 Bxa1 53. Rxa1 Qc3 54. Rf1 f5 (54... e3 $142 55. Kg2 e2) 55. Nd8 e3 {[%cal Be4e3,Be3e2][%mdl 32]} 56. c7 e2 {Precision: White = 32%, Black = 55%.} 0-1

[Event "38th IND-chT 2018"]
[Site "Patia"]
[Date "2018.02.14"]
[Round "9"]
[White "Gopal, G.N."]
[Black "Sudhakar, Prem Dutt"]
[Result "1-0"]
[WhiteElo "2593"]
[BlackElo "1737"]
[Annotator "TA"]
[PlyCount "76"]
[EventDate "2018.??.??"]
[EventType "team-tourn"]
[EventCountry "IND"]
[SourceTitle "playchess.com"]
[Source "ChessBase"]
[SourceQuality "1"]

{[%evp 14,76,38,41,71,64,64,61,68,64,63,52,69,47,63,49,60,43,72,74,78,58,255,173,179,152,344,338,345,331,291,331,340,290,383,366,391,389,385,376,576,559,582,600,575,583,664,671,651,641,709,683,747,755,829,825,1041,1010,1002,991,1139,1001,29982,29983,29990]} 1. e4 c5 2. Nf3 g6 3. c3 Bg7 4. d4 cxd4 5. cxd4 d5 6. e5 Bg4 7. Bb5+ {B27: Sicilian: 2 Nf3, unusual Black 2nd moves} Nd7 8. Nbd2 {LiveBook: 9 Games} a6 9. Bd3 {White is better.} e6 10. h3 Bxf3 11. Nxf3 Ne7 {[%cal Bg8e7,Be7c6,Bc6b4][%mdl 32]} 12. O-O Nc6 (12... O-O 13. h4 f6 14. exf6 Bxf6 {1-0 (37) Andreikin,D (2736)-Savchenko,B (2613) Sochi 2016}) 13. Re1 O-O 14. h4 Qb6 15. Be3 $146 h5 16. Ng5 Nb4 17. Bb1 Rfe8 $2 {[#]} (17... Bh6 $1 $14) 18. Nxf7 $1 {[%mdl 512]} Kxf7 19. Qf3+ Kg8 $2 (19... Nf6 $16 20. Rd1 (20. exf6 Bxf6 21. Qg3 Rg8 $16) 20... Nc6) 20. Bxg6 $18 Re7 21. Bg5 ({Weaker is} 21. Qxh5 Nf8 $16) 21... Nf8 22. Bxe7 {Threatening mate with Bf7+.} Nxg6 23. Bf6 Rf8 24. Qxh5 Bxf6 25. Qxg6+ Bg7 26. Rad1 Qc6 (26... Qb5 $142 27. Qxe6+ Kh8) 27. a3 Qc2 28. Qxc2 Nxc2 29. Re2 Nxd4 30. Rxd4 {[%mdl 4096] Endgame KRR-KRB} Rc8 31. g3 Rc1+ 32. Kg2 b5 33. f4 {[%cal Bf2f4,Bf4f5][%mdl 32]} Bf8 {[#]} 34. f5 $1 Bc5 (34... exf5 35. e6) 35. Rg4+ Kf8 36. fxe6 Ke7 37. h5 {[%cal Bh4h5,Bh5h6][%mdl 32] Black must now prevent h6.} Kxe6 38. h6 Rd1 {Precision: White = 81%, Black = 34%.} 1-0

[Event "38th IND-chT 2018"]
[Site "Patia"]
[Date "2018.02.14"]
[Round "9"]
[White "Sengupta, Deep"]
[Black "Pandit, Prem"]
[Result "1-0"]
[WhiteElo "2572"]
[BlackElo "1423"]
[Annotator "TA"]
[PlyCount "71"]
[EventDate "2018.??.??"]
[EventType "team-tourn"]
[EventCountry "IND"]
[SourceTitle "playchess.com"]
[Source "ChessBase"]
[SourceQuality "1"]

{[%evp 14,71,116,96,92,87,145,126,115,120,120,129,129,119,376,371,755,344,339,325,366,357,354,347,541,506,586,385,393,380,591,580,795,770,942,933,1297,1291,1274,1257,1247,1211,1410,1365,1352,1283,2927,2897,2833,2640,29990,29985,29990,29991,29991,29992,29993,29994,29998,29999]} 1. e4 e5 2. Nf3 Nc6 3. Bb5 a6 4. Ba4 Nf6 5. O-O Bc5 6. c3 {[%cal Bc2c3,Bc3d4][%mdl 32]} O-O 7. d4 exd4 8. cxd4 Ba7 {[#] C78: Ruy Lopez: Archangelsk and Möller Defences} 9. e5 $1 {[%cal Re5f6]} Nd5 (9... Ne4 $142) 10. Bb3 $16 Nce7 {White is better.} 11. Bg5 {Bxd5 is the strong threat.} c6 12. Bxd5 cxd5 13. Nc3 $36 {[%mdl 2048] aiming for Nxd5! White is on the roll.} Re8 $2 {[%mdl 8192] [#]} (13... h6 $16) 14. Nxd5 $1 $18 {[%mdl 512]} b5 $2 {[#]} (14... d6 15. Nxe7+ Rxe7) (14... Nxd5 15. Bxd8) 15. Nxe7+ (15. Nf6+ $142 $1 {[%mdl 512]} Kh8 (15... gxf6 16. Bxf6) 16. Nh4) 15... Rxe7 16. d5 {And now d6 would win.} Qe8 $146 17. Bxe7 Qxe7 18. a4 h6 (18... b4 $142 19. Rc1 Bb6) 19. axb5 axb5 20. Qb3 Qc5 21. Rac1 Qb6 (21... Qe7 $142 22. Rfe1 Rb8) 22. Nh4 {[%cal Bf3h4,Bh4f5,Bf5d6][%mdl 32]} Qd4 23. Qg3 Qe4 24. Rfe1 Qd4 25. Nf5 {[%csl Gf5][%cal Rg3g7]} Qxf2+ 26. Qxf2 Bxf2+ 27. Kxf2 Kf8 28. Nd6 Ba6 29. b4 Rb8 30. Rc7 Ke7 31. Ra7 Bc8 32. Rc1 {White mates.} g6 33. Rxc8 Rxc8 34. Nxc8+ Kd8 35. Nd6 Ke7 36. Ra8 {Precision: White = 79%, Black = 16%.} 1-0

[Event "38th IND-chT 2018"]
[Site "Patia"]
[Date "2018.02.14"]
[Round "9"]
[White "Shyam, Sundar M."]
[Black "Swapnil, S. Dhopade"]
[Result "0-1"]
[WhiteElo "2521"]
[BlackElo "2531"]
[Annotator "TA"]
[PlyCount "61"]
[EventDate "2018.??.??"]
[EventType "team-tourn"]
[EventCountry "IND"]
[SourceTitle "playchess.com"]
[Source "ChessBase"]
[SourceQuality "1"]

{[%evp 19,61,5,17,0,7,7,12,7,7,0,7,0,7,0,0,0,4,0,0,-12,-15,-25,-25,-30,-15,-47,-43,-62,-33,-53,-39,-64,927,-235,1670,-269,1548,-128,1980,-109,1877,-650,1362,-570]} 1. e4 c6 2. d4 d5 3. e5 Bf5 4. h4 h5 5. Bd3 Bxd3 6. Qxd3 e6 7. Bg5 {B12: Caro-Kann: Advance Variation} Be7 8. Nf3 Nh6 (8... c5 9. dxc5 Nd7 10. b4 Bxg5 11. hxg5 Ne7 12. Nc3 a5 13. Nb5 axb4 14. Nd6+ Kf8 {½-½ (52) Nepomniachtchi,I (2729)-Laznicka,V (2647) Riadh 2017}) 9. Bxh6 Rxh6 10. Nbd2 {[%cal Bb1d2,Bd2b3,Bb3c1,Bc1d3,Bd3f4][%mdl 32]} c5 {LiveBook: 3 Games} 11. c3 $146 ({Predecessor:} 11. dxc5 Na6 12. Nb3 Rc8 13. O-O-O Nxc5 14. Nxc5 Rxc5 {½-½ (24) Perez Candelario,M (2576)-Peralta,F (2565) La Roda 2017}) 11... Nc6 12. dxc5 Bxc5 13. Nb3 Be7 14. g3 Kf8 15. O-O g6 16. Nc1 Kg7 17. Qe2 Rh8 18. Nd3 b5 19. Rad1 Rc8 20. Nf4 Qb6 21. Kh2 b4 22. Rg1 bxc3 23. bxc3 Na5 24. Rb1 Qc7 25. Rgc1 Qxc3 $2 {[%mdl 8192]} (25... Qc4 $15) 26. Qe3 $4 {[%mdl 8192]} (26. Rxc3 $18 Rxc3 27. Nd4) 26... a6 $4 {[%mdl 8192]} (26... Qxe3 $19 27. fxe3 Nc4) 27. Nd4 $4 {[%mdl 8192]} (27. Rxc3 $18 {and life is good for White.} Nc4 28. Qa7) 27... Nc4 $4 {[%mdl 8192]} (27... Qxe3 $19 28. fxe3 Rxc1 29. Rxc1 Nc4) 28. Qd3 $2 ({White should play} 28. Qxc3 $18 Kh6 29. Rb7) 28... Rh6 $2 {[%mdl 8192] [#]} (28... Qxd3 $17 29. Nxd3 Rc7) 29. Rc2 $2 ({White should try} 29. Ndxe6+ $1 $18 {[%mdl 512]} fxe6 30. Nxe6+ Kf7 31. Ng5+ Kg7 32. Rxc3) 29... Bc5 $2 {[%mdl 8192] [#]} (29... Qxd3 $17 30. Nxd3 Rc7) 30. Rb3 $4 {[%mdl 8192]} (30. Ndxe6+ $1 $18 {[%mdl 512]} fxe6 31. Nxe6+ Kh8 32. Rxc3) 30... Re8 $4 {[%mdl 8192]} (30... Qxd4 $19 31. Rb7 Qxd3 32. Nxd3 Bd4) 31. Re2 $4 {[%mdl 8192] Precision: White =  3%, Black = 29%.} (31. Qxc3 $18 {avoids the disaster.} Re7 32. Nf3) 0-1

[Event "38th IND-chT 2018"]
[Site "Patia"]
[Date "2018.02.14"]
[Round "9"]
[White "Stany, G.A."]
[Black "Deepan, Chakkravarthy J."]
[Result "1/2-1/2"]
[WhiteElo "2500"]
[BlackElo "2516"]
[Annotator "TA"]
[PlyCount "74"]
[EventDate "2018.??.??"]
[EventType "team-tourn"]
[EventCountry "IND"]
[SourceTitle "playchess.com"]
[Source "ChessBase"]
[SourceQuality "1"]

{[%evp 18,74,12,7,8,4,16,0,18,0,13,0,16,0,0,-7,-10,-16,0,0,0,-31,-10,-13,-5,-8,0,0,0,0,0,0,0,-11,-12,-20,-2,0,0,0,0,0,0,0,0,0,0,0,121,135,125,132,172,0,0,0,0,0,0]} 1. e4 c5 2. Nf3 d6 3. d4 cxd4 4. Nxd4 Nf6 5. Nc3 a6 6. Be3 e5 7. Nb3 Be6 8. f3 h5 9. Qd2 Nbd7 10. Be2 Rc8 {B90: Sicilian Najdorf: Unusual White 6th moves, 6 Be3 Ng4 and 6 Be3 e5} 11. O-O (11. a4 Be7 12. O-O O-O 13. a5 Qc7 14. Rfd1 Rfd8 15. Qe1 Nc5 16. Nxc5 dxc5 17. Na4 Rxd1 18. Rxd1 {0-1 (54) Leko,P (2731)-Karjakin,S (2770) Sochi 2014}) 11... Be7 12. Rfd1 O-O 13. Kh1 $146 ({Predecessor:} 13. a4 Qc7 14. a5 Rfd8 15. Qe1 Qc6 16. Kh1 d5 17. exd5 Nxd5 18. Nxd5 Bxd5 {1-0 (49) Jakubowski,K (2507)-Stocek,J (2561) Pardubice 2006}) 13... h4 14. Rac1 Nh5 {[%cal Bf6h5,Bh5f4,Bf4e2][%mdl 32]} 15. Nd5 Bxd5 $1 16. Qxd5 Bg5 17. Qd2 Bf4 18. Bxf4 Nxf4 19. g3 hxg3 20. hxg3 Nxe2 21. Qxe2 Qg5 22. Kg2 $1 f5 23. exf5 Nf6 {aiming for ...Nh5.} 24. Qd2 Qxf5 25. Qd3 e4 26. fxe4 Nxe4 {[#] White must now prevent ...Qf2+.} 27. Rf1 $1 $36 {[%cal Rf1f5][%mdl 2048] White is more active.} Qg4 28. c3 Rce8 29. Rce1 Re5 {Strongly threatening ...Rxf1.} 30. Rxf8+ Kxf8 31. Nd2 {[%cal Re1e4]} Nxg3 32. Qxd6+ Kg8 (32... Kf7 $1 $11 {keeps the balance.} 33. Qc7+ (33. Qxe5 Ne4+ 34. Kf1 Qh3+ 35. Kg1 Qg4+ 36. Kf1 Qh3+ 37. Kg1 Qg4+ 38. Kf1 $11) 33... Kg6 34. Qd6+ (34. Rxe5 Ne4+ 35. Kf1 Qd1+ 36. Kg2 Qe2+ 37. Kh3 Qe3+ 38. Nf3 Qxf3+ 39. Kh2 Qf2+ 40. Kh3 Qg3#) (34. Qb6+ Kh7 $11) 34... Kf7 35. Qc7+ (35. Qxe5 Ne4+ 36. Kh2 Qh4+ 37. Kg2 Qg4+ 38. Kf1 Nxd2+ 39. Kf2 Qf3+ 40. Kg1 Qg4+ 41. Kf2 Qf3+ 42. Kg1 Qg4+ 43. Kf2 $11) 35... Kg6 36. Qd6+ (36. Rxe5 Ne4+ 37. Kf1 Qd1+ 38. Kg2 Qe2+ 39. Kh1 Qe1+ 40. Nf1 Qxf1+ 41. Kh2 Qf2+ 42. Kh3 Qg3#) (36. Qb6+ Kh7 $11) 36... Kf7) 33. Qb8+ $16 (33. Qxe5 $6 Ne4+ 34. Kf1 Nxd2+ 35. Kf2 Qf3+ 36. Kg1 Qg4+ 37. Kf2 Qf3+ 38. Kg1 Qg4+ 39. Kf2 $11) 33... Kf7 34. Qxb7+ (34. Rxe5 {leads to mate.} Ne4+ 35. Kf1 Qd1+ 36. Kg2 Qe2+ 37. Kh1 Qe1+ 38. Nf1 Qxf1+ 39. Kh2 Qf2+ 40. Kh3 Qg3#) (34. Qc7+ $6 Kg6 $11) 34... Kg8 35. Qb8+ $2 (35. Rxe5 $2 {loses.} Ne4+ 36. Kf1 Qd1+ 37. Kg2 Qe2+ 38. Kh3 Qe3+ 39. Kg4 Qg3+ 40. Kf5 Nd6+ 41. Ke6 Nxb7 $19) (35. Qf3 $18 Qxf3+ 36. Nxf3 Rxe1 37. Nxe1) 35... Kf7 $1 $11 {[#] ( -> ...Ne2+). The position is equal.} 36. Qxe5 ({But not} 36. Qc7+ $6 Kg6 $16) 36... Ne4+ $1 37. Kh2 Qh4+ {Precision: White = 56%, Black = 74%.} 1/2-1/2

[Event "38th IND-chT 2018"]
[Site "Patia"]
[Date "2018.02.14"]
[Round "9"]
[White "Thejkumar, M.S."]
[Black "Visakh, N R"]
[Result "0-1"]
[WhiteElo "2500"]
[BlackElo "2457"]
[Annotator "TA"]
[PlyCount "151"]
[EventDate "2018.??.??"]
[EventType "team-tourn"]
[EventCountry "IND"]
[SourceTitle "playchess.com"]
[Source "ChessBase"]
[SourceQuality "1"]

{[%evp 12,151,20,14,14,8,14,0,21,10,27,2,10,0,4,4,20,-11,0,0,0,-9,-9,-10,-18,-18,-5,-12,-8,-7,0,-14,-12,-11,-7,-16,-8,-34,0,-21,0,-22,-7,-14,0,-34,-14,-10,-18,-18,-13,-15,-4,-16,0,-29,-26,-37,-35,-29,-30,-42,-54,-52,-27,-33,-32,-39,-44,-63,-69,-76,-37,-37,-37,-37,-31,-52,-14,-75,-75,-75,-75,-75,-14,-59,-62,-68,-69,-62,-60,-75,-75,-75,-75,-122,-70,-66,-70,-62,-62,-62,-74,-77,0,-67,-61,-163,-150,-125,-17,-17,0,-166,-161,-183,-167,-447,-442,-414,-437,-436,-356,-384,-336,-419,-351,-308,-289,-244,-24,-24,-8,-8,0,0,0,0,0,0,0,-8]} 1. d4 d5 2. c4 e6 3. Nf3 Nf6 4. Nc3 Bb4 5. Qa4+ Nc6 6. e3 O-O 7. Bd2 dxc4 {D38: Queen's Gambit Declined: Ragozin Defence (4 Nf3 Bb4)} 8. Bxc4 Bd6 9. Nb5 Be7 10. O-O a6 {Hoping for ...Bd7.} 11. Nc3 Bd6 12. Qc2 b5 13. Be2 Bb7 {[#]} 14. Rfd1 $146 ({Predecessor:} 14. Ne4 Nxe4 15. Qxe4 {0-1 (51) Oleksienko,M (2622)-Vitiugov,N (2721) Gjakova 2016}) 14... e5 15. a3 exd4 16. exd4 h6 17. Bd3 Ne7 (17... Nxd4 18. Nxd4 Bxh2+ 19. Kxh2) 18. Ne4 Nxe4 19. Bxe4 Bxe4 20. Qxe4 Re8 21. Qg4 Qc8 22. Qxc8 Rexc8 23. Rac1 f6 24. Ne1 Kf7 25. Kf1 Ke6 (25... Bxh2 26. g3 $18) 26. Ke2 Kd7 27. Nc2 f5 ({Not} 27... Bxh2 $2 28. g3 $18) 28. Bb4 Nd5 29. Bxd6 cxd6 30. Ne3 Re8 {And now ...f4 would win.} 31. Kf3 Ne7 32. Rc2 Rac8 33. Rdc1 Rxc2 34. Rxc2 $11 {[%mdl 4096] Endgame KRN-KRN} g5 35. g3 Rf8 36. Ke2 f4 37. Nd1 h5 38. Nc3 g4 39. Rd2 d5 40. Rd3 Kd6 41. f3 fxg3 42. hxg3 Nf5 43. Kf2 Rc8 44. Rd2 Rc4 45. Ne2 (45. fxg4 $11 {keeps the balance.} hxg4 46. Nd1) 45... a5 $1 $17 46. fxg4 hxg4 47. Ke1 b4 (47... Rc8 $17 48. Kf2 Rh8) 48. Rd3 (48. b3 $5 {[%cal Rb3c4]} Rc8 49. axb4 $15) 48... Rc2 49. axb4 axb4 50. Rd2 Rc8 51. Rd1 Re8 52. Rd3 Rh8 53. Rd1 Ne3 ({Black should play} 53... Rh3 $1 $17 54. Kf2 Rh2+ 55. Ke1 Rg2) 54. Rd3 $1 $15 {[%cal Rd3e3]} Rh1+ 55. Kf2 $1 {[%cal Rf2e3]} Nf5 56. Rd2 Rb1 57. Nf4 Rh1 58. Ne2 $1 Rh8 59. Rd1 (59. Nf4 $15) 59... Rh2+ $19 60. Ke1 Kc6 (60... Kd7 $17 61. Rd3 Kc7) 61. Rc1+ $11 Kd6 (61... Kd7 $11) 62. Rd1 $19 {[#]} Kd7 $1 63. b3 {[#]} Nd6 $1 64. Kd2 $2 (64. Kf1 {was necessary.}) 64... Ne4+ 65. Ke3 Rf2 {[%csl Gg4][%cal Rf2f3]} 66. Ng1 Rf8 67. Ra1 Kc6 68. Rc1+ Kb5 69. Kd3 Rf2 ({Weaker is} 69... Nxg3 70. Rc5+ Kb6 71. Rxd5 $17) 70. Rc8 Rf1 $2 ({But not} 70... Nxg3 71. Rc5+ Kb6 72. Rxd5 $17) (70... Rb2 $19 71. Rb8+ Kc6 72. Rxb4 Nxg3) 71. Ne2 $11 Rf3+ 72. Kc2 {The position is equal.} Nxg3 73. Nxg3 Rxg3 74. Rc5+ Kb6 {( -> ...Rc3+!)} 75. Rxd5 Rc3+ 76. Kb2 $1 {[%mdl 32768] Precision: White = 47%, Black = 53%. . Sensor Board Error (Ke4/e5)?} 0-1

[Event "38th IND-chT 2018"]
[Site "Patia"]
[Date "2018.02.14"]
[Round "9"]
[White "Karthikeyan, P.."]
[Black "Narayanan.S.L"]
[Result "1/2-1/2"]
[WhiteElo "2464"]
[BlackElo "2573"]
[Annotator "TA"]
[PlyCount "102"]
[EventDate "2018.??.??"]
[EventType "team-tourn"]
[EventCountry "IND"]
[SourceTitle "playchess.com"]
[Source "ChessBase"]
[SourceQuality "1"]

{[%evp 18,102,0,8,0,0,0,0,0,-6,-1,-1,0,-6,1,-8,4,0,0,-22,9,6,8,9,105,37,63,70,89,87,116,115,111,29,29,29,26,9,18,-46,8,8,12,0,0,0,0,0,0,-17,-3,-10,-8,-6,-10,-42,-31,-52,-34,-55,-26,-24,-24,-23,-36,-32,-30,-45,0,0,0,0,0,0,0,-5,0,0,0,0,0,0,0,-8,0,-8,0]} 1. c4 e5 2. g3 d6 3. Bg2 f5 4. Nc3 Nf6 5. d4 Be7 6. e3 O-O 7. Nge2 c6 {A21: Englische Eröffnung} 8. O-O Na6 9. b3 e4 10. d5 {LiveBook: 5 Partien} Ng4 (10... Nc5 11. Ba3 Qa5 12. Bxc5 Qxc5 13. Rc1 Qa5 14. dxc6 bxc6 15. Qd2 Qe5 {0-1 (56) Georgiev,K (2623)-Vallejo Pons,F (2707) Riadh 2017}) 11. dxc6 $146 ({Vorgänger:} 11. f3 exf3 12. Bxf3 Bd7 13. Qd2 Ne5 14. Bg2 Nc5 15. Ba3 {½-½ (39) Schwarz,J (2331)-Maldonado Pacheco,J (2346) ICCF email 2016}) 11... bxc6 12. Nd4 Bd7 13. f3 exf3 14. Qxf3 Rc8 15. Bd2 Bg5 16. Rae1 Qf6 17. h3 Ne5 18. Qh5 g6 (18... Nc5 {feels hotter.} 19. b4 Ncd3 20. Ne4 fxe4 21. Rxf6 Bxf6 22. Rf1 d5) 19. Qe2 Qg7 20. e4 Nf7 {[#]} (20... Bf6 $11 {bleibt in der Remisbreite.} 21. exf5 Nd3) 21. Be3 (21. Bxg5 $1 $16 {Und weiter mit Le3 wäre nett.} Nxg5 22. Qd2) 21... Bf6 22. Qd2 {[%cal Re4f5]} Rce8 {[#]} 23. Nde2 $1 Re7 24. exf5 gxf5 25. Bd4 (25. Bxa7 $16 Rfe8 26. Bf2) 25... Bxd4+ $11 26. Qxd4 Rfe8 27. Qxg7+ Kxg7 28. Rf2 (28. Kf2 $11) 28... Nc5 (28... Nb4 $1 $15) 29. Rd1 Re3 30. Kf1 Nd3 {Weiss muss nun ...Sfe5 beachten.} 31. Rf3 Rxf3+ 32. Bxf3 Re3 $36 {[%mdl 2048] Schwarz drückt.} 33. Bg2 {[#]} f4 $1 {[%mdl 512]} 34. gxf4 (34. Nxf4 Nxf4) 34... Bxh3 35. Bxh3 Rxh3 36. Kg2 Re3 37. Rf1 Nh6 38. Nd4 Ne1+ 39. Kg1 Kf7 40. Nce2 c5 {...Sd3 ist eine echte Drohung.} 41. Rxe1 cxd4 $15 {[%mdl 4096] Endspiel KTS-KTS} 42. Kf1 Nf5 43. Rd1 {Die Stellung ist ausgeglichen.} d3 44. Nc1 $1 Rf3+ 45. Ke1 Rxf4 46. Nxd3 Rh4 (46... Re4+ {is interesting.} 47. Kf2 Rd4 48. Ke2 h5 49. Rc1 h4) 47. Nf2 Rd4 48. Rxd4 Nxd4 49. Kd2 h5 50. b4 Ke6 51. a4 h4 {Precision: Weiß = 50%, Schwarz = 49%.} 1/2-1/2

[Event "38th IND-chT 2018"]
[Site "Patia"]
[Date "2018.02.14"]
[Round "9"]
[White "Laxman, R.R."]
[Black "Rakesh, Kumar Jena"]
[Result "1/2-1/2"]
[WhiteElo "2456"]
[BlackElo "2387"]
[Annotator "TA"]
[PlyCount "30"]
[EventDate "2018.??.??"]
[EventType "team-tourn"]
[EventCountry "IND"]
[SourceTitle "playchess.com"]
[Source "ChessBase"]
[SourceQuality "1"]

{[%evp 13,30,20,20,19,21,16,15,27,22,14,77,27,16,0,0,0,0,0,8]} 1. d4 f5 2. g3 Nf6 3. Bg2 g6 4. Nf3 Bg7 5. O-O O-O 6. c3 d6 7. Qb3+ e6 8. Bg5 {A81: Dutch Defence: 2 g3} Nc6 (8... Qe8 9. Nbd2 Nh5 10. Ne1 h6 11. Be3 g5 12. f4 gxf4 13. Bxf4 Kh8 14. Be3 Nc6 15. Nd3 b6 {0-1 (48) Andreikin,D (2722)-Nakamura,H (2764) Baku 2014}) 9. Nbd2 h6 10. Bxf6 Qxf6 11. e4 Kh7 (11... a5 $11 {remains equal.}) 12. d5 $146 ({Predecessor:} 12. Rfe1 e5 13. exf5 gxf5 14. d5 {1-0 (35) Lupu,M (2443)-Onischuk,A (2627) Bastia 2000}) 12... exd5 13. exf5 {The position is equal.} Bxf5 14. Qxd5 Rae8 15. Rae1 a6 1/2-1/2